Fruity and Nutty US Cities and Towns Quiz Stats

 Plays Quiz not verified by Sporcle

Challenge
Share
Tweet
Embed
Score 0/56 Timer 17:00
0 Plays Today
Population City, town % Correct
134,616Orange
90.2%
30,134City of Orange (township)
90.2%
18,913Orange
90.2%
13,956Orange
90.2%
7,839Orange
90.2%
72,623Appleton
82.9%
29,172Walnut
74%
69,135Apple Valley
69.9%
51,221Apple Valley
69.9%
46,207West Orange (township)
53.7%
64,270East Orange
51.2%
71,045Cherry Hill (township)
50.4%
64,173Walnut Creek
50.4%
108,821Pearland
46.9%
25,092Pearl
44.3%
50,195Grapevine
32.5%
34,364Peachtree City
32.5%
83,301Citrus Heights
31.7%
25,320Lemon Grove
31.7%
13,964Orangeburg
30.1%
56,792Coconut Creek
29.3%
27,395Plum (borough)
28.5%
56,048Port Orange
24.4%
10,599Orange City
24.4%
6,004Orange City
24.4%
28,370Nutley (township)
22.8%
16,198South Orange Village (township)
22.8%
33,484Olive Branch
22%
Population City, town % Correct
49,212Orangetown
21.1%
16,981Chestnuthill (township)
21.1%
5,441Orange Beach
20.3%
28,832Cranberry (township, Butler County)
19.5%
6,608Cranberry (township, Venango County)
19.5%
17,262Cocoa
18.7%
11,325Cocoa Beach
17.9%
40,059Peachtree Corners
17.1%
5,543Fruitland (township)
17.1%
5,087Fruitland
17.1%
5,356Berryville
16.3%
28,117Mount Olive (township)
13.8%
8,412Orange Park
13.8%
12,761Fruita
12.2%
9,078Orange Cove
12.2%
26,566Casselberry
10.6%
16,000Lemont (village)
10.6%
11,283Spearfish
10.2%
7,916Chestnut Ridge (village)
9.8%
7,823Olivette
8.1%
15,343Newberry (township)
7.3%
10,277Newberry
7.3%
8,421Plumsted (township)
7.3%
12,627Plumstead (township)
6.5%
6,423Cherry Hills Village
6.5%
13,598Fruitport (township)
5.7%
7,884Thornapple (township)
5.7%
10,064Pearsall
0%

You're not logged in!

Compare scores with friends on all Sporcle quizzes.
OR
Log In

You Might Also Like...

Show Comments

Extras

Top Quizzes Today


Score Distribution

Your Account Isn't Verified!

In order to create a playlist on Sporcle, you need to verify the email address you used during registration. Go to your Sporcle Settings to finish the process.

Report this User

Report this user for behavior that violates our Community Guidelines.

Details: